| 000 | 00406nam a2200145Ia 4500 | ||
|---|---|---|---|
| 008 | 230917s9999||||xx |||||||||||||| ||und|| | ||
| 040 |
_e54565 _aMAIN |
||
| 041 | _aEnglish | ||
| 082 | _a785.0954 B223M | ||
| 100 | _aBandyopadhyaya, S | ||
| 245 | 0 | _aMusical instruments of India: with forty six rare illustrations | |
| 260 |
_aVaranasi _bChaukhambha Orientalia _c1980 |
||
| 300 | _aix, 101 p. | ||
| 942 | _cBK | ||
| 999 |
_c41799 _d41799 |
||